00249nam a22000977a 4500020001800000082001900018100002000037245003800057260004700095300000900142 a0-906041-11-2 a954.9045 KHA'F aKHAN, M. ASGHAR aTHE FIRST ROUND INDO PAK WAR 1965 aLONDONbISLAMOC INFORMATION SERVICESc1979 a146P